Les 30 Marques de voitures les plus vendues en France en 2025 - Statistiques

Statistiques générales
  • Ce quiz a été pris 77 fois
    75 depuis la dernière actualisation
  • Le résultat moyen est 18 sur 30
Statistiques - réponses
Rang Volume % Marché Marque % Correct
1 285 531 17.49 % Renault
97%
2 221 001 13.54 % Peugeot
95%
4 115 576 7.08 % Citroen
92%
11 45 155 2.77 % Mercedes
90%
7 60 904 3.73 % BMW
87%
9 48 756 2.99 % Audi
85%
6 110 071 6.74 % Toyota
85%
3 139 305 8.54 % Dacia
82%
12 38 321 2.35 % Ford
75%
5 110 960 6.80 % Volkswagen
74%
18 25 460 1.56% Tesla
72%
20 20 255 1.24 % Fiat
70%
22 15 860 0.97 % Seat
69%
10 45 621 2.80 % Hyundai
66%
15 32 290 1.98 % Opel
59%
25 13 067 0.80 % Volvo
56%
24 13 533 0.83 % BYD
54%
8 50 660 3.10 % Skoda
52%
16 28 576 1.75 % Nissan
51%
14 33 729 2.07 % Kia
48%
21 20 173 1.24 % Suzuki
46%
17 26 302 1.61 % Mini
44%
23 14 280 0.87 % DS
43%
30 5 381 0.33 % Alpine
36%
26 9 740 0.60 % Jeep
34%
28 6 202 0.38 % Alfa Romeo
33%
29 6 150 0.38 % Lexus
33%
27 8 354 0.51 % Mazda
28%
13 33 988 2.08 % MG
28%
19 22 695 1.39 % Cupra
26%
Aucun quiz correspondant
Distribution des résultats
% des personnes avec chaque résultat
Percentile par nombre de réponses
Votre historique - résultats
Vous n’avez pas pris ce quiz depuis la dernière actualisation